000 003460000a22001330004500
041 0 _aENG
082 0 4 _aG 930.1 K378a
100 1 _aKenyon, Kathleen M. (Mary)
245 1 0 _aArcheology in the holy land / Kathleen M. Kenyon
260 _aNew YOrk, USA : Frederick A. Praeger (ver F.A. Praeger)
300 _a326 Pag
001 11552
942 _cBK
999 _c40806
_d40806